| 000 | 00724nam a2200217 a 4500 | ||
|---|---|---|---|
| 001 | 000001790 | ||
| 005 | 20200929145713.0 | ||
| 008 | 090629s1995 es 000 0 spa d | ||
| 020 | _a8440660723 | ||
| 040 |
_aDO-SdBNP _bspa _cBNPHU |
||
| 082 |
_a616.8914 _bW429t |
||
| 100 | 1 |
_aWeiss, Brian _d1944- _95809 |
|
| 240 | 1 | 0 |
_aThrough time into healing _lespañol |
| 245 | 1 | 0 |
_aA través del tiempo / _cBrian Weiss; traducción Edith Zilli. |
| 260 |
_aBarcelona : _bBiblioteca de Bolsillo, _c1995. |
||
| 300 |
_a296 p. ; _c20 cm. |
||
| 500 | _aLa biblioteca posee la 8ª reimpresión de 1998 | ||
| 650 | 4 |
_aTerapía de la reencarnación _95810 |
|
| 700 | 1 | 2 |
_aZilli, Edith, _etr. _93228 |
| 910 | _aValidado. Control de calidad MFF | ||
| 999 |
_c1667 _d1667 |
||